00232nam a2200073Ia 4500082000800000245002800008100008100036008004100117 aBEY 0aWaar die reenboog buig  a BEYERS-BOSHOFF, C F (Christiaan Frederik) Pretoria, 1993 Grootdrukuitg 210817s9999 xx 000 0 und d